|
|
|
|
| LEADER |
01144pam a2200277 a 4500 |
| 001 |
AALScienceDirectebook000188 |
| 006 |
m||||||||d|||||||| |
| 007 |
cr|||||||||||| |
| 008 |
201114s9999 enkabf fo j 001 0 eng d |
| 020 |
|
|
|a 9780124169975
|
| 040 |
|
|
|a BD-DhAAL
|
| 082 |
0 |
0 |
|a 332
|2 22
|
| 100 |
1 |
|
|a Kumar, Rajesh
|
| 245 |
1 |
0 |
|h [electronic resource]
|a Strategies of Banks and Other Financial Institutions
|
| 260 |
|
|
|b ELSEVIER,
|c 2014
|
| 300 |
|
|
|a 1 online resource
|
| 500 |
|
|
|a <strong>Off-Campus Access:</strong> Athens ID and Password Required
|
| 500 |
|
|
|a <strong>On-Campus Access:</strong> No User ID or Password Required
|
| 506 |
|
|
|a Electronic access restricted to authorized BRAC University faculty, staff and students
|
| 538 |
|
|
|a Mode of access: Internet
|
| 650 |
|
4 |
|a FINANCE
|
| 655 |
|
7 |
|a Electronic books
|2 Library of Congress
|
| 856 |
4 |
0 |
|z Full text available on ScienceDirect[7/25/14]
|u https://www.sciencedirect.com/science/book/9780124169975
|
| 942 |
|
|
|2 ddc
|c EBK
|
| 999 |
|
|
|c 42528
|d 42528
|
| 952 |
|
|
|0 0
|1 0
|2 ddc
|4 0
|6 332_000000000000000_KUM
|7 0
|9 68424
|a BRACUL
|b BRACUL
|d 2020-11-14
|l 0
|o 332 KUM
|r 2020-11-14
|t 1
|w 2020-11-14
|y EBK
|